Countries of the World by First Word I Think of - Statistics

General Stats
  • This quiz has been taken 40 times
  • The average score is 25 of 196
Answers on the Map
Answers color-coded by a green-red scale on the quiz's map according to % correct below.
 
Answer Stats
Country Word % Correct
Liberia USA
64%
Paraguay | Yemen War
44%
Chad Ken
42%
Central African Republic Car
36%
Taiwan China
33%
East Timor Oil
33%
Belarus Russia
33%
São Tomé and Príncipe | Antigua and Barbuda | Australia | +13 others Island
31%
Indonesia Islands
31%
Brazil Beach
28%
Honduras Football
28%
Ivory Coast Green
28%
Ecuador | Nepal Mountain
28%
Afghanistan | Austria | Lesotho | +2 others Mountains
28%
Russia Putin
28%
Cambodia Pol
25%
Egypt Pyramids
25%
Niger | Saudi Arabia Desert
22%
Colombia Drugs
22%
Germany Hitler
22%
North Korea Kim
22%
Eritrea Poor
22%
Vatican City Pope
22%
Republic of the Congo River
22%
Andorra | Belgium | Burundi | +2 others Small
22%
Azerbaijan | Bangladesh | Netherlands Water
22%
Greece Blue
19%
New Zealand Kiwi
19%
United Kingdom Red
19%
Oman | Qatar Rich
19%
Zambia Z
19%
Spain Bull
17%
Haiti Earthquake
17%
Mozambique Gun
17%
Eswatini | Sweden King
17%
Algeria Sand
17%
Lithuania Baltic
14%
Kazakhstan Borat
14%
Poland Flat
14%
San Marino Italy
14%
Denmark Lego
14%
Sudan North
14%
France Baguette
11%
United Arab Emirates Burj
11%
Panama Canal
11%
Cuba Castro
11%
Croatia Coast
11%
Pakistan Cricket
11%
Malawi Nothing
11%
Bolivia Landlocked
11%
Argentina | Benin | Chile | Gambia Long
11%
Italy Mussolini
11%
Finland Sauna
11%
Palau Sun
11%
Dominica | Kiribati | Papua New Guinea | Senegal Bird
8%
Bosnia and Herzegovina | Laos Bombs
8%
Suriname Dutch
8%
Equatorial Guinea Equator
8%
Libya Gadaffi
8%
Rwanda Genocide
8%
Turkmenistan Horse
8%
Iraq | Kuwait Hussein
8%
Venezuela Inflation
8%
South Korea Kimchi
8%
Ireland Leprechaun
8%
Singapore Lion
8%
Peru Llama
8%
Costa Rica Nature
8%
Turkey Ottoman
8%
Somalia Pirates
8%
Mauritania Slavery
8%
South Sudan Tall
8%
Mali Timbuktu
8%
Iceland Turks
8%
Mexico Burrito
6%
Armenia | Georgia Caucasus
6%
Ethiopia Coffee
6%
Bhutan Dragon
6%
United States Eagle
6%
Portugal Flood
6%
India Flower
6%
Uganda Gay
6%
Mongolia Genghis
6%
Dominican Republic Haiti
6%
Guyana Hindi
6%
Vietnam Ho Chi Minh
6%
Thailand Lady
6%
Madagascar Lemur
6%
Jamaica Marley
6%
Brunei Mosque
6%
Liechtenstein Prince
6%
Samoa Rock
6%
Bulgaria Roses
6%
Solomon Islands Salmon
6%
Burkina Faso | Cameroon | China | Ghana Star
6%
Cyprus Turkey
6%
South Africa World Cup
6%
Botswana Yakko
6%
Ukraine Zelenskyy
6%
Japan Abe
3%
North Macedonia Alexander
3%
Syria Assad
3%
Morocco Atlas
3%
Iran Ayatollah
3%
Djibouti Booty
3%
Albania Bunkers
3%
Tunisia Carthage
3%
Monaco Casino
3%
Uzbekistan Caspian
3%
Kosovo Clinton
3%
Myanmar Coup
3%
Czech Republic Defenestration
3%
Togo Delivery
3%
Angola Exclave
3%
Fiji Fire
3%
Grenada Grenade
3%
Democratic Republic of the Congo Hand
3%
Belize Hole
3%
Nicaragua Illuminati
3%
Estonia Internet
3%
Zimbabwe Last
3%
Serbia Leader
3%
Canada Leaf
3%
Lebanon LeBron
3%
Kenya Marathon
3%
Jordan Michael
3%
Latvia Middle
3%
Israel Netanyahu
3%
Nigeria Nollywood
3%
Hungary Orban
3%
Namibia | Tajikistan Panhandle
3%
Philippines Pepsi
3%
Guinea Pig
3%
El Salvador Prison
3%
Moldova Romania
3%
Uruguay Simpsons
3%
Malaysia Singapore
3%
Montenegro Sleep
3%
Slovenia Slow
3%
Slovakia Souvlaki
3%
Tanzania Tasmania
3%
Sri Lanka Teardrop
3%
Norway Tesla
3%
Tonga Time
3%
Marshall Islands Truman
3%
Tuvalu TV
3%
Guinea-Bissau Under
3%
Romania Vlad
3%
Gabon Grab
0%
Kyrgyzstan Kurzgesagt
0%
Seychelles Seashells
0%
Trinidad and Tobago Shield
0%
Guatemala Turtle
0%
No matching quizzes found
Score Distribution
Percent of People with Each Score
Percentile by Number Answered
Your Score History
You have not taken this quiz